Countries Of Asia In Alphabetical Order With A Map - Statistics

General Stats
  • This quiz has been taken 69 times
  • The average score is 38 of 48
Answers on the Map
Answers color-coded by a green-red scale on the quiz's map according to % correct below.
 
Answer Stats
Country % Correct
Afghanistan
98%
Bangladesh
96%
Cambodia
96%
Azerbaijan
93%
Bhutan
93%
Armenia
91%
China
91%
India
91%
Indonesia
91%
Bahrain
89%
Iran
89%
Iraq
89%
Israel
89%
Japan
89%
Brunei
87%
Kazakhstan
87%
Laos
87%
Cyprus
84%
Georgia
84%
Jordan
84%
Kyrgyzstan
84%
East Timor
82%
Kuwait
82%
Malaysia
78%
Oman
78%
Lebanon
76%
Mongolia
76%
Nepal
76%
North Korea
76%
Pakistan
76%
Philippines
73%
Qatar
73%
Saudi Arabia
73%
Maldives
71%
Myanmar
71%
Singapore
71%
Yemen
71%
South Korea
69%
Sri Lanka
69%
Syria
69%
Turkey
69%
Turkmenistan
69%
United Arab Emirates
69%
Vietnam
69%
Tajikistan
67%
Thailand
67%
Uzbekistan
67%
Taiwan
64%
No matching quizzes found
Score Distribution
Percent of People with Each Score
Percentile by Number Answered
Your Score History
You have not taken this quiz